Library Logo

Pioneer International University Library Catalogue

THE PERSIAN EMPIRE (Record no. 9734)

MARC details
000 -LEADER
fixed length control field 00379nam a22001457a 4500
003 - CONTROL NUMBER IDENTIFIER
control field OSt
005 - DATE AND TIME OF LATEST TRANSACTION
control field 20251030063710.0
008 - FIXED-LENGTH DATA ELEMENTS--GENERAL INFORMATION
fixed length control field 251030b |||||||| |||| 00| 0 eng d
020 ## - INTERNATIONAL STANDARD BOOK NUMBER
International Standard Book Number 0761400893
040 ## - CATALOGING SOURCE
Transcribing agency BENCHMARK BOOKS
050 ## - LIBRARY OF CONGRESS CALL NUMBER
Classification number DS 281 .Z45 1997
245 ## - TITLE STATEMENT
Title THE PERSIAN EMPIRE
Statement of responsibility, etc. ZEINERT, KAREN
260 ## - PUBLICATION, DISTRIBUTION, ETC.
Place of publication, distribution, etc. TARRYTOWN, NEWYORK
Name of publisher, distributor, etc. BENCHMARK BOOKS
Date of publication, distribution, etc. 1997
942 ## - ADDED ENTRY ELEMENTS (KOHA)
Source of classification or shelving scheme Library of Congress Classification
Koha item type Books
Suppress in OPAC No
Holdings
Withdrawn status Lost status Source of classification or shelving scheme Damaged status Not for loan Home library Current library Date acquired Total checkouts Barcode Date last seen Price effective from Koha item type
    Dewey Decimal Classification     PIU Library PIU Library 10/30/2025   PIUDMUR698 10/30/2025 10/30/2025 Books
    Library of Congress Classification     PIU Library PIU Library 10/30/2025   PIUDMUR738 10/30/2025 10/30/2025 Books